000 00500nam a2200169 i 4500
001 67744
003 ES-MaACL
005 20230906170136.0
007 t|
008 040203s1967 sp ||||1| spa d
100 1 _aGalot, Jean.
_953669
245 1 4 _aLos religiosos en la iglesia /
_cJean Galot ; [versión española por José Luis Llanes].
260 _aBilbao :
_bMensajero,
_c1967.
300 _a166 p. ;
_c20 cm.
700 1 _aLlanes, José Luis.
_972690
852 _aES-MaACL
_jC-33112
_bR.63955
999 _c67744
_d67744